| 000 | 00464nam a2200157 a 4500 | ||
|---|---|---|---|
| 001 | 000038168 | ||
| 005 | 20201002031203.0 | ||
| 008 | 130320s1981 sp a 000 0 spa d | ||
| 020 | _a8428311323 | ||
| 040 |
_aDO-SdBNP _bspa _cBNPHU |
||
| 100 | 1 |
_aMartínez de Sousa, José _964538 |
|
| 245 | 1 | 0 |
_aDiccionario de tipografía y del libro / _cJosé Martínez de Sousa. |
| 250 | _a2a ed. | ||
| 260 |
_aMadrid : _bParaninfo , _c1981. |
||
| 300 |
_a547 p. : _bil. ; _c19 cm. |
||
| 999 |
_c37658 _d37658 |
||